[Event "GER-ch U10"]
[Site "Willingen"]
[Date "2004.06.02"]
[Round "8"]
[White "Priese, Franziska"]
[Black "Falke, Johannes"]
[Result "0-1"]
[WhiteElo "711"]
[BlackElo "761"]
[PlyCount "88"]
[EventDate "2004.06.??"]
[EventType "swiss"]
[EventRounds "11"]
[EventCountry "GER"]
[SourceTitle "EXT 2005"]
[Source "ChessBase"]
[SourceDate "2004.11.15"]
[SourceVersion "1"]
[SourceVersionDate "2004.11.15"]
[SourceQuality "1"]

1. e4 e5 2. Nf3 Nc6 3. d4 d6 4. Bc4 f5 5. Bg5 Be7 6. Bxe7 Qxe7 7. Nc3 f4 8. Nd5 Qd7 9. 0-0 Nf6 10. Nxf6+ gxf6 11. Nh4 Qg7 12. Qh5+ Kd8 13. Nf5 Bxf5 14. Qxf5 Nxd4 15. Qh3 Nxc2 16. Rac1 Nd4 17. Qc3 b5 18. Bd5 Ne2+ 19. Kh1 Nxc3 20. Rxc3 Rc8 21. Be6 Rb8 22. Rb3 a6 23. Rc1 c5 24. Ra3 Ra8 25. Bd5 Ra7 26. Be6 a5 27. Rd3 Qe7 28. Bd5 c4 29. Rd2 a4 30. b4 Qc7 31. a3 c3 32. Rdc2 Qg7 33. Rxc3 h5 34. Rc8+ Ke7 35. R8c3 Rh6 36. Bc6 Kd8 37. Kg1 Qg6 38. Bxb5 h4 39. Rc8+ Ke7 40. Kf1 h3 41. gxh3 Rxh3 42. f3 Rxh2 43. Be2 Qg2+ 44. Ke1 Qxe2# 0-1

[Event "GER-ch U10"]
[Site "Willingen"]
[Date "2004.05.30"]
[Round "3"]
[White "Bialas, Daniel"]
[Black "Priese, Franziska"]
[Result "1-0"]
[WhiteElo "982"]
[BlackElo "711"]
[PlyCount "110"]
[EventDate "2004.06.??"]
[EventType "swiss"]
[EventRounds "11"]
[EventCountry "GER"]
[SourceTitle "EXT 2005"]
[Source "ChessBase"]
[SourceDate "2004.11.15"]
[SourceVersion "1"]
[SourceVersionDate "2004.11.15"]
[SourceQuality "1"]

1. e4 e5 2. Nf3 Nc6 3. Bc4 Bc5 4. c3 Nf6 5. d4 Bd6 6. Bg5 h6 7. Bh4 Be7 8. Qd3 d5 9. Bxf6 Bxf6 10. Bxd5 Bg4 11. h3 0-0 12. hxg4 Bg5 13. Nxg5 Qxg5 14. Bxc6 bxc6 15. Qe3 Qxg4 16. Qf3 Qg5 17. Nd2 Rab8 18. Rh5 Qe7 19. Nb3 a5 20. Rb1 a4 21. Nc5 a3 22. b3 Qd8 23. Qg4 exd4 24. Nd7 Re8 25. Nxb8 dxc3 26. Qd7 Qxb8 27. Rc5 Rxe4+ 28. Kf1 Qa8 29. Rxc3 Qa6+ 30. Qd3 Qxd3+ 31. Rxd3 Rh4 32. Rh3 Rf4 33. Rc1 Rd4 34. b4 Rxb4 35. Rxa3 Rb2 36. Ra8+ Kh7 37. Ra1 c5 38. Rc8 Rc2 39. Rxc7 c4 40. a4 c3 41. a5 Rd2 42. Rxc3 Rd8 43. a6 Ra8 44. a7 h5 45. Rb3 h4 46. Rb8 Rxa7 47. Rxa7 Kg6 48. Ra4 Kf5 49. Rbb4 Ke5 50. Rxh4 g5 51. Ra5+ Ke6 52. Rxg5 f6 53. Rg6 Ke5 54. Rxf6 Kxf6 55. Rh5 Ke6 1-0